000 01074nam a22003497a 4500
001 0048415
003 KOHA_MİRAKIL
005 20260207003616.0
007 ta
008 150527b2009 tu a|||gr||||#||||0|tur |
020 _a9758578669
040 _aTR-BiSEU
_btur
_cTR-BiSEU
_erda
041 0 _atur
044 _ctu
050 _aBP253
_b.K35 2009
100 1 _aKalyoncu, Cemal A..
245 1 _aNurlu hayatlar/
_cCemal A. Kalyoncu ; Cemal A. Kalyonvu.
250 _a6. Baskı
264 1 _aİstanbul :
_bZaman Kitap
_c2009
300 _ac. :
_bresimli ;
_c20 cm.
336 _ametin
_btxt
_2rdacontent
337 _aaracısız
_bn
_2rdamedia
338 _acilt
_bnc
_2rdacarrier
490 1 _aZaman Kitap yayın no ;
_v63.
490 1 _aBiyografi/belgesel ;
_v8-9
650 0 _aNursî, Said, 1873-1960.
_915998
650 0 _aScholars, Muslim--Turkey--Biography.
_915999
650 0 _aAlimler, Müslüman--Türkiye--Biyografi.
_916000
830 1 _aZaman Kitap yayın no ;
_v63.
_984090
830 1 _aBiyografi/belgesel ;
_v8-9
_988889
942 _2lcc
_cBK
999 _c48255
_d48255